000 01606nam0a2200385 4500
001 RU\NLR\BIBL_A\022276853
005 20250625182846.0
010 _a978-5-17-159473-2
_92000
035 _a(NLR Aleph) 022276853
090 _a12376023
_c12376023
100 _a20240712d2024 |||y0rusy50 ca
101 0 _arus
102 _aRU
105 _aach z 000zy
181 0 _ai3
_baxxe
182 0 _an
200 1 _aРомантизм
_dRomanticism
_fА. В. Николаев
_zeng
203 _aТекст
_bвизуальный
_cнепосредственный
210 _aМосква
_cОГИЗ
_cАСТ
_d2024
215 _a159 с.
_cил., цв. ил., цв. портр., факс.
_d22
225 1 _aГалерея мировой живописи
300 _aНа 4-й с. обл. авт.: А. Николаев - искусствовед
300 _aАвт. указан на обороте тит. с. в макете
320 _aБиблиогр.: с 158-159 (43 назв.)
333 _a16+
510 1 _6z22790
_aRomanticism
_zeng
606 1 _aРомантизм
_xв живописи
_yЕвропа Западная
_92595104
_3RU\NLR\AUTH\6601742909
686 1 _aЩ143(0)5-224
700 1 _7ca
_8rus
_aНиколаев
_bА. В.
_cискусствовед
_gАлексей Валерьевич
_9270288
_3RU\NLR\AUTH\770270344
790 1 _7ba
_8rus
_aNikolaev
_bA. V.
_cискусствовед
_gAleksej Valer'evič
_9270290
_3RU\NLR\AUTH\770270346
942 _cBOOK
980 _aNB